Oxford Bible atlas / (Record no. 4772)
[ view plain ]
| 000 -LEADER | |
|---|---|
| fixed length control field | 01096pam a2200349 a 4500 |
| 001 - CONTROL NUMBER | |
| control field | 85321 |
| 003 - CONTROL NUMBER IDENTIFIER | |
| control field | GBCCL |
| 005 - DATE AND TIME OF LATEST TRANSACTION | |
| control field | 20241126110526.0 |
| 008 - FIXED-LENGTH DATA ELEMENTS--GENERAL INFORMATION | |
| fixed length control field | 840430s1984 nyuab 000 0 eng |
| 010 ## - | |
| -- | 84010052 |
| 015 ## - | |
| -- | GB84-24673 |
| 020 ## - INTERNATIONAL STANDARD BOOK NUMBER | |
| International Standard Book Number | 0191434523 |
| 020 ## - INTERNATIONAL STANDARD BOOK NUMBER | |
| International Standard Book Number | 0191434515 (pbk.) |
| 035 ## - SYSTEM CONTROL NUMBER | |
| System control number | (OCoLC)10778645 |
| 040 ## - CATALOGING SOURCE | |
| Original cataloging agency | DLC |
| Transcribing agency | DLC |
| Modifying agency | UKM |
| -- | LBB |
| 043 ## - | |
| -- | aw----- |
| 049 ## - | |
| -- | LBBQ |
| -- | LBBU |
| -- | LBB1 |
| 050 0# - | |
| -- | BS630 |
| -- | .O96 1984 |
| 082 0# - DEWEY DECIMAL CLASSIFICATION NUMBER | |
| Classification number | 220.91 |
| Edition information | 19 |
| Item number | OXF |
| 090 ## - LOCALLY ASSIGNED LC-TYPE CALL NUMBER (OCLC); LOCAL CALL NUMBER (RLIN) | |
| Classification number (OCLC) (R) ; Classification number, CALL (RLIN) (NR) | BS630 |
| Local cutter number (OCLC) ; Book number/undivided call number, CALL (RLIN) | .O96 1984 |
| 245 00 - TITLE STATEMENT | |
| Title | Oxford Bible atlas / |
| Statement of responsibility, etc. | edited by Herbert G. May ; with the assistance of G.N.S. Hunt ; in consultation with R.W. Hamilton. |
| 250 ## - EDITION STATEMENT | |
| Edition statement | 3rd ed. / |
| Remainder of edition statement | rev. for the 3rd ed. by John Day. |
| 260 ## - PUBLICATION, DISTRIBUTION, ETC. | |
| Place of publication, distribution, etc. | New York : |
| Name of publisher, distributor, etc. | Oxford University Press, |
| Date of publication, distribution, etc. | 1984. |
| 300 ## - PHYSICAL DESCRIPTION | |
| Extent | 144 p. : |
| Other physical details | ill., col. maps ; |
| Dimensions | 26 cm. |
| 630 00 - SUBJECT ADDED ENTRY--UNIFORM TITLE | |
| Uniform title | Bible |
| General subdivision | Geography. |
| 9 (RLIN) | 1570 |
| 630 00 - SUBJECT ADDED ENTRY--UNIFORM TITLE | |
| Uniform title | Bible |
| General subdivision | Geography |
| Form subdivision | Maps. |
| 9 (RLIN) | 1571 |
| 700 1# - ADDED ENTRY--PERSONAL NAME | |
| Personal name | May, Herbert Gordon, |
| Dates associated with a name | 1904- |
| 9 (RLIN) | 8706 |
| 700 1# - ADDED ENTRY--PERSONAL NAME | |
| Personal name | Hunt, G. N. S. |
| 9 (RLIN) | 8707 |
| 700 1# - ADDED ENTRY--PERSONAL NAME | |
| Personal name | Hamilton, R. W. |
| 9 (RLIN) | 8708 |
| 700 1# - ADDED ENTRY--PERSONAL NAME | |
| Personal name | Day, John, |
| Dates associated with a name | 1948- |
| 9 (RLIN) | 8709 |
| 942 ## - ADDED ENTRY ELEMENTS (KOHA) | |
| Source of classification or shelving scheme | Dewey Decimal Classification |
| Koha item type | Reference Books |
| Withdrawn status | Lost status | Source of classification or shelving scheme | Damaged status | Not for loan | Home library | Current Library | Shelving location | Date acquired | Total checkouts | Full call number | Barcode | Date last seen | Copy number | Price effective from | Koha item type |
|---|---|---|---|---|---|---|---|---|---|---|---|---|---|---|---|
| Dewey Decimal Classification | GRACE BIBLE COLLEGE | GRACE BIBLE COLLEGE | Concordance | 2018-02-05 | 220.91 OXF | 013257 | 2025-05-01 | c.3 | 2018-02-05 | Reference Books | |||||
| Missing | Dewey Decimal Classification | GRACE BIBLE COLLEGE | GRACE BIBLE COLLEGE | Concordance | 2018-02-06 | 220.91 OXF | 002265 | 2018-02-06 | c.2 | 2018-02-06 | Reference Books | ||||
| Dewey Decimal Classification | GRACE BIBLE COLLEGE | GRACE BIBLE COLLEGE | Concordance | 2018-04-06 | 220.91 OXF | 002004 | 2025-05-01 | c.1 | 2018-04-06 | Reference Books | |||||
| Dewey Decimal Classification | GRACE BIBLE COLLEGE | GRACE BIBLE COLLEGE | Concordance | 2018-07-02 | 220.91 OXF | 013273 | 2025-05-01 | c.4 | 2018-07-02 | Reference Books |